Carta de Juan Sáenz Moreno al Obispo Manuel Fernández de Santa Cruz, sobre la provisión del magisterio de la capilla de la Catedral

Detalles Bibliográficos
Formato: Libro
Publicado: México, 1676
Materias:
Colección:Banco de datos
Acervo:Biblioteca Palafoxiana. Colección de Manuscritos
Descripción Física:1 f. ; 21 x 31 cm.
Tema general:Eclesiástica
LEADER 00442nam a22001330004500
035 |a 4000 
245 1 0 |a Carta de Juan Sáenz Moreno al Obispo Manuel Fernández de Santa Cruz, sobre la provisión del magisterio de la capilla de la Catedral 
260 |a México, 1676 
300 |a 1 f. ; 21 x 31 cm. 
650 1 0 |a Eclesiástica 
949 |a R496/184 
942 |c PALAMANU 
943 |g Biblioteca Palafoxiana. Colección de Manuscritos 
999 |c 1071945  |d 1071945